1872 1011 1020 1372 1777 1194 1410 1806 1124 1920 1675 1969 1429 1433 1881 1296 1805 1931 1413 1005 1312 1160 1555 1535 1421 1831 1228 1227 1273 1359 1858 1907 1964 1488 1140 1568 1693 1174 1694 1927 1164 1210 1555 1048 1097 1982 1063 1617 1726 1404 1597 1318 1700 1537 1202 1509 1219 1758 1156 1603 1214 1208 1473 1304 1931 1064 1680 1817 1876 1773 1817 1443 2000 1811 1008 1409 1999 1500 1444 1671 1513 1901 1119 1572 1072 1072 1626 1926 1717 1782 1150 1949 1810 1621 1253 1627 1028 1960 1246 BCNSPRNW ULIB Ver.6.0+V

เปลี่ยนเป็นภาษาไทย

Change to English
 แสดงรายละเอียดบรรณานุกรม
  กลับหน้าหลัก

Brief Record : Get Marc (ISO 2709) : E-mail record : QR code < ปิดหน้าต่าง
LEADER : 00000nam 2200000uu 4500
001    13399111604
003     ULIB
008    110627s||||||||th 000 0 tha d
020    9786167081366
090    นว.^bi111ท 2553
100 0  irgendwann im november
245 00 ทะเลรักลวงใจ/^cirgendwann im november
250    พิมพ์ครั้งที่ 1
260    กรุงเทพฯ :^bสมาร์ทบุ๊ค,^c2553
300    416 หน้า
945    ^p260^l0^i028908
945    ^p260^l0^i028072
995    ทศพร
999 ^a ใช้งานได้ทุกระบบ
รายการนี้ยังไม่มีแท็ก
คุณยังไม่ได้ล็อกอิน คุณสามารถมีกิจกรรมร่วมกับเว็บไซต์ได้ แต่ต้องล็อกอินก่อน ::
  ล็อกอิน

รายการสื่อสารสนเทศ

ลำดับที่ ประเภท เลขเรียก/บาร์โค้ด สถานที่ สถานะ
1. นวนิยาย
นวนิยาย
นว. i111ท 2553 ฉ.1 
  Barcode: 028072
ห้องสมุดวิทยาเขตสวรรค์ประชารักษ์
►นวนิยาย
บนชั้น
  ขอยืม
2. นวนิยาย
นวนิยาย
นว. i111ท 2553 ฉ.2 
  Barcode: 028908
ห้องสมุดวิทยาเขตสวรรค์ประชารักษ์
►นวนิยาย
บนชั้น
  ขอยืม

BibComment


ยังไม่เคยถูกคอมเมนท์

คอมเมนท์ทรัพยากรรายการนี้
  คอมเมนท์: ทะเลรักลวงใจ irge..


 Copyright 2026. Bcnsprnw @Library